000 00749nam a2200289Ia 4500
005 20260324131657.0
008 008 260324s9999 xx 000 0 eng d
020 _a9781315721996
037 _aEBOOK
040 _aCRL
040 _beng
040 _cCRL
041 _2eng
041 _aeng
084 _qCRL
100 _aFrancis T. Cullen; Gray Cavender; William J. Maakestad; Michael L. Benson
_91186406
245 0 _aCorporate Crime Under Attack
245 4 _bThe Fight to Criminalize Business Violence
260 _bTaylor and Francis
260 _c2006
365 _a
365 _b290
856 _uhttp://www.taylorfrancis.com/books/9781315721996
942 _cEBOOK
999 _c1783804
_d1783804